000 01524nam a2200205 a 4500
005 20140412111336.0
008 031017s19uu xx 00 eng d
020 _a0-02-683928-8
050 _aTR(GS 372.4
_bDe355 2000
245 _aDecodable takehome books (Orange) :
_blevel B set 1(Books 41-75).
260 _aColumbus, Ohio :
_bSRA/McGraw-Hill,
_c2000.
300 _a190 p. ; ill.
440 _aSRA: Open Court Reading
500 _aStory Titles: Lance's Dragon--Spice Cake--The Cold Troll--A Chore for Mole--At the Vet--Cupid The Mule--Magic Pages--Steve's Secret--June and the Duke--Dragons Don't Get Colds--The Fancy Party--Sail Day--The Opposum at Night--The King Who was Late--Why, Bly?--The Farmer and the Doe--A Crow, A Goat and a Boat--Tommy's True's Tuba--The Snow Games--Birthday Clues--Who Took My Book?--A Clown Comes to Town--Max the Grouch--Our Town Garden--Sailor Paul and the Crabs--The Knight Who did Not Know--Roy and Big Boy--Little Wren's Surprise--A Photo for Fred--Patty's Awful Day--The Everybody Club--Superhero to the Rescue--Mr. Lee--Princess Julia--How the Rabbit Caught the Tiger.
520 _aThe SRA Open Court Reading Pre-Decodable Books allow your students to apply their knowledge of phonic element to read simple, engaging texts. Each story supports intruction in a new phonic element and incorporates elements and words that have been learned earlier.
650 _aReading--Study and teaching
650 _aWriting--Study and teaching
999 _c105030
_d105030